Normal view
MARC view
Entry Personal Name
001 - CONTROL NUMBER
- control field: 83518
003 - CONTROL NUMBER IDENTIFIER
- control field: dpl
005 - DATE AND TIME OF LATEST TRANSACTION
- control field: 20250731110717.0
008 - FIXED-LENGTH DATA ELEMENTS
- fixed length control field: 250731|| aca||aabn | a|a d
040 ## - CATALOGING SOURCE
- Original cataloging agency: dpl
- Transcribing agency: dpl
100 ## - HEADING--PERSONAL NAME
- Personal name: शिरीष, उर्मिला
670 ## - SOURCE DATA FOUND
- Source citation: Work cat.: (dpl)212738: शिरीष, उर्मिला, ऐ देश बता तुझे क्या हुआ है!/, 2022
